000 01800nam a22002417a 4500
003 DO-SdBJH
005 20250312140935.0
008 250312b |||||||| |||| 00| 0 spa d
040 _aDO-SdBJH
_bspa
_cDO-SdBJH
090 _aTG EGDDHHyDIH
_b02269 2023
100 1 _aCorado, Juan Enríquez
_esustentante
245 1 0 _aEstudio evolutivo de la tutela de los Derechos Humanos en las operaciones navales contra los viajes ilegales en la Región Este de la República Dominicana, período 2019-2022 /
_cJuan Enríquez Corado, Yeudi Alberto Araujo Morbán, asesores Dominga Méndez Medina, Kelly Anderson Rosario Paulino
260 _aSanto Domingo :
_bINSUDE,
_c2023
300 _axiv, 51 páginas, gráfico, fotografía, tabla
502 _aTesis (Especialidad en Derechos Humanos y Derecho Internacional Humanitario) -- Instituto Superior para la Defensa (INSUDE). -- Escuela de Graduados en Derechos Humanos y Derecho Internacional Humanitario, 2023
504 _aIncluye referencias bibliográficas e índices
505 _aCausas y factores que motivan a los Dominicanos a realizar viajes ilegales desde la Región Este de República Dominicana. -- Rol y funciones de la Armada de República Dominicana en el área de responsabilidad de la Región Este, ante la ocurrencia de viaje ilegales. -- Principales avances relacionados con la tutela de los Derechos Humanos por parte de la Armada de República Dominicana durante operaciones contra los ilegales y otros ilícitos.
700 1 _aAraujo Morbán, Yeudi Alberto
_esustentante
700 1 _aMéndez Medina, Dominga
_easesor
700 1 _aRosario Paulino, Kelly Anderson
_easesor
830 _aINSUDE. Escuela de Graduados en Derechos Humanos y Derecho Internacional Humanitario. Tesis y disertaciones académicas
942 _2CL
_cT
999 _c8089
_d8089